Carregant...

ബുദ്ധപത്മം /

Dades bibliogràfiques
Autor principal: രമേഷ്, കെ. പി
Altres autors: Ramesh, K. P.
Format: Printed Book
Idioma:English
Publicat: കോട്ടയം : ഡി.സി. ബുക്സ്, 2013.
Edició:1st ed.
Matèries:
LEADER 00773nam a22002177a 4500
008 140905b xxu||||| |||| 00| 0 eng d
999 |c 7635  |d 7635 
020 |a 9788126442324 
082 |a 294.3   |b RAM 
100 |a രമേഷ്, കെ. പി. 
240 |a Budhapadmam 
245 |a ബുദ്ധപത്മം /  |c കെ. പി. രമേഷ് 
250 |a 1st ed. 
260 |a കോട്ടയം :  |b ഡി.സി. ബുക്സ്,  |c 2013. 
300 |a 85p. 
650 |a Budhism 
650 |a Budha 
650 |a Religion 
700 |a Ramesh, K. P. 
942 |2 ddc  |c BK 
952 |0 0  |1 0  |2 ddc  |4 0  |6 294_300000000000000_RAM  |7 0  |9 10797  |a MAIN  |b MAIN  |d 2014-09-05  |e Current Books, Calicut (D. C. Books)  |g 70.00  |l 3  |o 294.3 RAM  |p 11083  |r 2019-12-31  |s 2019-12-10  |t 1  |w 2014-09-05  |y BK